Mots japonais - Statistiques

Statistiques générales
  • Ce quiz a été pris 267 fois
  • Le résultat moyen est 32 sur 134
Statistiques - réponses
Hint Réponse % Correct
Bonjour konnichiwa
89%
mille sen
86%
cinq go
82%
trois san
81%
deux ni
80%
au revoir sayonara/jaane
80%
un ichi
79%
sept nana
67%
six roku
67%
huit hachi
65%
Bonsoir konbanwa
60%
quatre yon
60%
mignon kawaï
58%
mari otto
50%
professeur sensei
50%
grand frère o nichan / ani
49%
doko
48%
riz gohan
48%
dix juu
48%
rouge akai
47%
neuf kyuu
45%
eau mizu
45%
manger taberu
43%
noir kuro
42%
pardon sumimasen
42%
bleu aoi
40%
cent hyaku
40%
maintenant ima
39%
voiture kuruma
39%
vert midori
39%
blanc shiroi
39%
ici koko
38%
maison ie
36%
grande soeur o nechan / ane
36%
gare eki
34%
enfant kodomo
34%
famille kazoku
33%
un étudiant gakusei
32%
aller iku
32%
docteur isha
31%
petit chisai / chisana
30%
film eiga / maku
30%
samedi doyobi
29%
mardi kayobi
28%
soko
28%
ce kono
27%
mon nom nama-e
27%
dormir neru
27%
la nuit yoru
26%
été natsu
25%
dimanche nichiyobi
25%
musique ongaku
25%
lundi getsuyobi
24%
propre jishin no / kirei
24%
vendredi kinyobi
24%
mercredi suiyobi
22%
chaussures kutsu
21%
jeudi mokuyobi
21%
printemps haru
20%
tous les jours mainichi
20%
grand ookii
20%
ans sai
20%
automne aki
18%
jouer asobu
18%
nom de famille sei
18%
janvier ichigatsu
17%
goutû oishii
17%
une carte(map) chizu
16%
univeristé daigaku
16%
hiver fuyu
16%
mai gogatsu
16%
ticket kippu
16%
février nigatsu
16%
mars sangatsu
16%
parfois tokidoki
16%
juin rokugatsu
15%
football sakkā
15%
bruyant soozooshii / urusai
15%
heure jikan
14%
tous les matins maiasa
14%
avril shigatsu
14%
femme (mariée) tsuma
14%
bienvenue yōkoso
14%
gentil yasashii
13%
fils musuko
12%
fille musume
12%
magazine zasshi
12%
métro chikatetsu
11%
aout hachigatsu
11%
million hyaku man
11%
tous les soirs maiban
11%
hier kinoo
10%
silencieux shizuka
10%
bébé akachan
9%
petite soeur imooto
9%
petit frère otooto
9%
chapeau bōshi
8%
octobre jūgatsu
8%
novembre jūichigatsu
8%
juillet shichigatsu
8%
fun tanoshii
8%
beau utsukushii
8%
baseball yakyū
8%
femme (genre) jo
7%
décembre jūnigatsu
7%
ville mashi/toshi
6%
basketball basukettobōru
5%
infirmière kangoshi
5%
être suru
5%
homme dan
4%
occupé isogashii
4%
septembre kugatsu
4%
aéroport kuukoo
4%
repas shokuji
3%
intelligent kashikoi
2%
passeport pasu-pooto
2%
thé vert ryokucha
2%
sal saru
2%
marcher araku
1%
la journée hiruma
1%
laid minikui
1%
petit déjeuner chooshoku
0%
adresse juu-sho
0%
marié ki-kon
0%
nationalité koku-seki
0%
carte d'identité mibun shoo-may-sho
0%
célibataire mi-kon
0%
divorcé ri-kon
0%
un travailleur sagyoo sha
0%
sexe (genre) sei-bets
0%
date de naissance sei-nen-gappi
0%
profession shoku-gyoo
0%
lieu de naissance shushoo-chi
0%
code postal yuubin bangoo
0%
Aucun quiz correspondant
Distribution des résultats
% des personnes avec chaque résultat
Percentile par nombre de réponses
Votre historique - résultats
Vous n’avez pas pris ce quiz